Delhi municipal bus transport (a study of some aspects) (Record no. 475723)
[ view plain ]
| 000 -LEADER | |
|---|---|
| fixed length control field | 00401cam a22001217a 4500 |
| 008 - FIXED-LENGTH DATA ELEMENTS--GENERAL INFORMATION | |
| fixed length control field | 180718b1959 xxu||||| |||| 00| 0 eng d |
| 082 ## - DEWEY DECIMAL CLASSIFICATION NUMBER | |
| Classification number | W235x5461 In2 |
| 245 ## - TITLE STATEMENT | |
| Title | Delhi municipal bus transport (a study of some aspects) |
| 260 ## - PUBLICATION, DISTRIBUTION, ETC. | |
| Place of publication, distribution, etc. | New Delhi |
| Name of publisher, distributor, etc. | Indian Institute of Public Administration |
| Date of publication, distribution, etc. | 1959 |
| 300 ## - PHYSICAL DESCRIPTION | |
| Extent | 29p. |
| 650 ## - SUBJECT ADDED ENTRY--TOPICAL TERM | |
| Topical term or geographic name entry element | Motor buses - Delhi |
| 700 ## - ADDED ENTRY--PERSONAL NAME | |
| Personal name | Indian Institute of Public Administration |
| Withdrawn status | Lost status | Damaged status | Not for loan | Permanent Location | Current Location | Date acquired | Full call number | Barcode | Date last seen | Price effective from | Koha item type |
|---|---|---|---|---|---|---|---|---|---|---|---|
| Indian Institute of Public Administration | Indian Institute of Public Administration | 2018-08-04 | W235x5461 In2 | GR4749 | 2018-08-04 | 2018-08-04 | GR | ||||
| Indian Institute of Public Administration | Indian Institute of Public Administration | 2018-08-04 | W235x5461 In2 | GR4348 | 2018-08-04 | 2018-08-04 | GR | ||||
| Indian Institute of Public Administration | Indian Institute of Public Administration | 2018-08-04 | W235x5461 In2 | GR4231 | 2018-08-04 | 2018-08-04 | GR | ||||
| Indian Institute of Public Administration | Indian Institute of Public Administration | 2018-08-04 | W235x5461 In2 | GR4230 | 2018-08-04 | 2018-08-04 | GR | ||||
| Indian Institute of Public Administration | Indian Institute of Public Administration | 2018-08-04 | W235x5461 In2 | GR4229 | 2018-08-04 | 2018-08-04 | GR |
